| 000 | 00665nam a2200217Ia 4500 | ||
|---|---|---|---|
| 001 | 17840 | ||
| 003 | GE_BSU | ||
| 008 | 181216s||||||||xx |||||||||||||| ||und|| | ||
| 040 | _cGE_BSU | ||
| 080 | _a621.01(035.3) | ||
| 100 | _aФедотиков,А.П. | ||
| 245 | _aКраткий справочник технолога-машиностроителя. | ||
| 245 | _cРед.М.В.Чанцев. | ||
| 250 | _aИзд. 2-е, перер. | ||
| 260 | _aМ. | ||
| 260 | _bОборонгиз. | ||
| 260 | _c1960. | ||
| 300 | _a401 стр. 17 см. | ||
| 653 | _aКраткий справочник технолога-машиностроителя. | ||
| 942 | _cBK | ||
| 999 |
_c50885 _d50885 |
||